UPR Business Law Journal

Bibliographic Details
Format: eBook
Language:English
Published: Puerto Rico University of Puerto Rico Law School Trust 2015
Subjects:
Online Access:Acceso restringido

MARC

LEADER 00000nam a22000007a 4500
005 20160419124528.0
007 cr|||| ||u|
008 160419s2015 pr zr|pos|||| 0||| 1eng d
035 |a 14115 
040 |a vLex 
090 |c 6020  |d 6020 
245 1 0 |a UPR Business Law Journal  |h [Recurso electrn̤ico] /  |c University of Puerto Rico Law School Trust  
256 |a Servicio en ln̕ea  
260 |a Puerto Rico  |b University of Puerto Rico Law School Trust   |c 2015 
300 |a 1 recurso electrn̤ico  
310 |a Dos veces al aǫ  
506 1 |a Contenido solo disponible en los productos indicados  |d vLex Global  |d vLex Global (Academic Edition, excluding Law Schools)  |d vLex Global (U.S. Academic Edition, Law Schools)  |d vLex Global (U.S. Academic Edition, excluding Law Schools)  |d vLex Global (Academic Edition, Law Schools) 
650 0 4 |a Derecho  |z Puerto Rico 
740 0 |a vLex revistas (servicio en ln̕ea)  
856 4 0 |u http://vlex.com/source/upr-business-law-journal-14115  |z Acceso restringido  
942 |c REV 
999 0 |a Law  |b Puerto Rico